00696nam a22002057a 450000500170000001000150001702000260003203500140005803700090007208200150008110000240009624500380012025000060015826000380016427000610020230000200026394200260028399900190030995201620032820250609164116.0 aENG-145218 c9789390514731a595.00 aEN-128750 bDBAD a823.91221 aBedi, Susham981811 aA New World Romance/cSusham Bedi a1 c2018aRanikhetbAshoka University aHimalayana, Mall Road, Ranikhet Cantt.bRanikhete263645 c22cm(pb)a359p. cEN2ddcmBEDh823.912 c211679d211679 001040708NFICaRC3SPbRC3SPd2025-06-09eDelivery of Books Act Divisiong595.00l0oBED 823.912pEN-128750r2025-06-09 00:00:00t1v595.00w2025-06-09yEN